| 000 | 00396nam a22001457a 4500 | ||
|---|---|---|---|
| 082 |
_a297.64 _bMUH _cL31,P-63 |
||
| 100 |
_aMuhammad Zakaria _937478 |
||
| 245 | _aThe stories of Sahaba, translation | ||
| 250 | _a2nd ed. | ||
| 260 |
_aLayllpur, W.Pakistan _bMalik brothers. _c2000 |
||
| 300 | _aix ; 257p.: | ||
| 526 |
_a0 _b0 _c0 _d297_640000000000000_MUH |
||
| 650 |
_aMCE _9379 |
||
| 942 |
_2ddc _cBK |
||
| 999 |
_c542345 _d542345 |
||